000 00462nam a2200145 a 4500
001 000036624
005 20200930075833.0
008 120123s1931 dr a 000 0 spa d
040 _aDO-SdBNP
_bspa
_cBNPHU
082 _axxxx
_bP434r
100 1 _aPereda Valdés, Ildefonso,
_d1899-1996
_962920
245 1 0 _aRomancero de Simón Bolívar /
_cIldefonso Pereda Valdés.
260 _aMontevideo, Uruguay :
_bGaceta comercial,
_c1931.
300 _a53 p. :
_bil. ;
_c21 cm.
999 _c36115
_d36115